000 01704cam a22004574i 4500
003 PE-LiUPU
005 20250731173403.0
008 s2009 miu rb 0 d spa 0
020 _a0789917409978
035 _a(Sirsi) i0789917409978
035 _a(Sirsi) 45711
041 _aes
082 0 4 _a266
_bS55
100 1 _aSills, Michael David
_d1957-,
_eautor.
245 1 3 _aEl llamado misionero :
_bEncuentre su lugar en el plan de Dios para el mundo /
_cM. David Sills.
264 1 _aChicago :
_bUnilit,
_c2009
300 _a268 páginas ;
_c21 centímetros
336 _atext
_2rdacontent
337 _aunmediated
_2rdamedia
338 _avolume
_2rdacarrier
504 _aIncluye bibliografía
505 0 _a¿Qué es el llamado misionero? -- La comprensión del llamado misionero -- ¿Cómo puedo conocer la voluntad de Dios? -- ¿Hay alguna base bíblica para el llamado misionero? -- Maneras históricas de comprender el llamado misionero -- Comprendas.
526 _aSEG42
526 _aSEG41
526 _aSEG40
526 _aSEG39
526 _aP94
526 _aP87
526 _aP86
526 _aP85
526 _aP77
526 _aP76
526 _aP35
650 1 4 _aMisioneros
_xVocación.
942 _2ddc
_cBOOK
949 _a266 S55
_i63242
_lCCODEBUL1
_mBUL
_tLIBRO
_o.STAFF. Colección Teología
910 _agl
_bjv
_clch
_d20110807
596 _a1
999 _a266 S55
_wDEWEY
_c52243
_i63242
_d52243
_e2017-5-21
_f2021-11-10
_g5
_lCCODEBUL1
_mBUL
_n3
_p15.00
_q4
_r0
_sY
_tBOOK
_u2015-7-6
_xTEOLOGIA
_PP35
_0COMPRA
_o.STAFF. Colección Teología
980 _81
_gALBERTO SANCHEZ Responsable de Automatización